000 01002nam a2200253 a 4500
001 000003873
005 20200929150614.0
008 090702s1997 es ad 001 0 spa d
020 _a848938410X
040 _aDO-SdBNP
_bspa
_cBNPHU
082 _axxxx
_bP349l
100 1 _aPeña Díaz, Manuel
_911689
245 1 3 _aEl laberinto de los libros :
_bhistoria cultural de la Barcelona del Quinientos /
_cManuel Peña Díaz ; prólogo Roger Chartier ; traducción del prólogo Carlos Ortega Bayón,.
260 _aMadrid :
_bFundación Germán Sánchez Ruipérez
_bPirámide,
_c1997.
300 _a547 p. :
_bil., gráf. ;
_c22 cm.
490 1 _aBiblioteca del libro
_v67
500 _aIncluye índice
500 _aIncluye referencias bibliográficas y notas al pie de las páginas
505 2 _aBibliografía : p. 513- 517- 543-546
700 1 _aChartier, Roger,
_ePról.
_911690
700 1 _aOrtega Bayón, Carlos,
_etr. del pról.
_911691
830 0 _aBiblioteca taller
_n67
_911692
049 _aBNPHD
999 _c3695
_d3695